Kanto Safari Zone Pokemon - Statistics

General Stats
  • This quiz has been taken 510 times
  • The average score is 14 of 26
Answer Stats
Area Pokemon % Correct
Area 1 Tauros
85%
Entrance Chansey
82%
Area 1 Kangaskhan
78%
Entrance Scyther
74%
Entrance Nidorino
73%
Entrance Nidorina
72%
Entrance Dratini
71%
Entrance Pinsir
68%
Entrance Rhyhorn
67%
Entrance Magikarp
64%
Entrance Dragonair
60%
Entrance Exeggcute
59%
Entrance Paras
54%
Area 1 Doduo
53%
Entrance Parasect
53%
Entrance Venonat
53%
Area 3 Tangela
49%
Entrance Psyduck
48%
Area 2 Venomoth
48%
Entrance Slowpoke
35%
Entrance Poliwag
34%
Area 1 Cubone
33%
Area 1 Marowak
29%
Entrance Nidoran F
28%
Entrance Nidoran M
28%
Entrance Krabby
25%
No matching quizzes found
Score Distribution
Percent of People with Each Score
Percentile by Number Answered
Your Score History
You have not taken this quiz